000 00321nam a2200145Ia 4500
005 20251222152047.0
008 251222s9999||||xx |||||||||||||| ||spa||
020 _a8477385912
082 _a591.38/D68
100 _aDíaz, José A.
245 0 _aZoología
250 _a1ra.ed.
264 _bSintesis
942 _cLIB
999 _c26291
_d26291